Missing Word: Serial Killer Movies Quiz Stats

Quiz Updated Apr 19, 2016

Challenge
Share
Tweet
Embed
Score 0/24 Timer 03:00
1 Play Today
Movie Missing Word % Correct
The Silence of the _____ (1991)Lambs
96.7%
_____ Psycho (2000)American
95.8%
_____ Born Killers (1994)Natural
92%
_____ of the Beholder (1999)Eye
88%
The _____ Collector (1999)Bone
85.4%
The Killer _____ Me (2010)Inside
74.9%
Arsenic and _____ Lace (1944)Old
68.3%
The Alphabet _____ (2008)Killer
67.8%
Kiss the _____ (1997)Girls
65.3%
_____ the City Sleeps (1956)While
62.8%
Citizen _____ (1995)X
60.9%
Summer of _____ (1999)Sam
51%
Movie Missing Word % Correct
Red _____ (2002)Dragon
48.9%
Suspect _____ (2004)Zero
45.1%
Hannibal _____ (2007)Rising
43.7%
_____ Tom (1960) Peeping
43%
_____ No One (2006)Tell
42.2%
_____ Pigeons (1998)Clay
39.9%
The _____ Poisoner's Handbook (1995)Young
37.8%
_____ Brooks (2007)Mr.
30%
_____ is Mine (1979)Vengeance
25.4%
_____: Portrait of a Serial Killer (1986)Henry
25.2%
The _____ Ground (2013)Frozen
16.2%
_____ Eight (1992)Jennifer
9%

Today's Daily Dose

Missing Word
Law Misconceptions

Word Ladder
Easy Math

On This Day
January 20th

You're not logged in!

Compare scores with friends on all Sporcle quizzes.
Sign Up with Email
OR
Log In

You Might Also Like...

Show Comments

Extras

Top Quizzes Today


Score Distribution

Your Account Isn't Verified!

In order to create a playlist on Sporcle, you need to verify the email address you used during registration. Go to your Sporcle Settings to finish the process.